| 000 | 00975nam a22001817a 4500 | ||
|---|---|---|---|
| 005 | 20210414114134.0 | ||
| 008 | 120830t xxu||||| |||| 00| 0 eng d | ||
| 020 | _a0072366877 | ||
| 050 | _aTS155.S334 | ||
| 100 | _aSchroeder, Roger G. | ||
| 245 |
_aOperations management : contemporary concepts. / _cRoger G. Schroeder. |
||
| 260 |
_aBoston : _bMcGraw-Hill, _c2000. |
||
| 300 |
_axxi, 385 + various pagings : _bill. ; _c26 cm. |
||
| 500 | _aIncludes index. | ||
| 505 | _aContents: The Operations function : Operations strategy - Product design -- Process selection -- Service process design -- Choice of technology -- Process-flow analysis -- Managing quality -- Quality control and improvement -- Supply chain management -- Forecasting -- Facilities and aggregate planning -- Scheduling operations -- Projects scheduling -- Independent-demand inventory -- Materials requirement planning -- Just-in-time systems. | ||
| 650 | _aProduction management. | ||
| 942 |
_2lcc _cBK |
||
| 999 |
_c2247 _d9747 |
||